书目信息 |
| 题名: |
通风与空调识图教材
|
|
| 作者: | 著黄利萍 , 胥进 编 | |
| 分册: | ||
| 出版信息: | 上海 上海科学技术出版社 2004.03 |
|
| 页数: | 177页 | |
| 开本: | 26cm | |
| 丛书名: | 建筑识图系列教材 | |
| 单 册: | ||
| 中图分类: | TU83 | |
| 科图分类: | ||
| 主题词: | 房屋建筑设备:空气调节设备 , 房屋建筑设备:采暖设备 , 建筑--通风 , 房屋建筑设备:通风设备 , 房屋建筑设备:通风设备--识图法--教材--空气调节 | |
| 电子资源: | ||
| ISBN: | 7-5323-7325-8 | |
| 000 | 00872nam0 2200277 450 | |
| 001 | 0633627514 | |
| 005 | 20061010155603.75 | |
| 010 | @a7-5323-7325-8@dCNY 22.40 | |
| 100 | @a20060821d2004 km y0chiy0120 ea | |
| 101 | 0 | @achi |
| 102 | @aCN@b310000 | |
| 200 | 1 | @a通风与空调识图教材@Atong feng yu kong diao shi tu jiao cai@f编著黄利萍,胥进@Fbian zhu huang li ping,xu jin |
| 210 | @a上海@c上海科学技术出版社@d2004.03 | |
| 215 | @a177页@d26cm | |
| 225 | 2 | @a建筑识图系列教材 |
| 410 | 0 | @12001 @a建筑识图系列教材 |
| 606 | 0 | @a房屋建筑设备:空气调节设备 |
| 606 | 0 | @a房屋建筑设备:采暖设备 |
| 606 | 0 | @a建筑@x通风 |
| 606 | 0 | @a房屋建筑设备:通风设备 |
| 606 | 0 | @a房屋建筑设备:通风设备@x识图法@x教材@x空气调节 |
| 690 | @aTU83@v4 | |
| 701 | 0 | @a著黄利萍@Azhu huang li ping@4编 |
| 701 | 0 | @a胥进@Axu jin@4编 |
| 801 | @aCN@c20061010 | |
| 905 | @a10447@dTU83@eZ918 | |
| 通风与空调识图教材/编著黄利萍,胥进.-上海:上海科学技术出版社,2004.03 |
| 177页;26cm.-(建筑识图系列教材) |
| ISBN 7-5323-7325-8:CNY 22.40 |
| ● |
| 相关链接 |
|
|
|
正题名:通风与空调识图教材
索取号:TU83/Z918
 
预约/预借
| 序号 | 登录号 | 条形码 | 馆藏地/架位号 | 状态 | 备注 |
| 1 | 608977 | 206089775 | 建筑库201/201建筑库 51排4列2层/ [索取号:TU83/Z918] | 在馆 | |
| 2 | 608978 | 206089784 | 建筑库201/201建筑库 51排4列2层/ [索取号:TU83/Z918] | 在馆 | |
| 3 | 608979 | 206089793 | 建筑库201/201建筑库 51排4列2层/ [索取号:TU83/Z918] | 在馆 |